Physiologie pathologique et Chirurgie des Arteres. Principes et méthodes. R. Leriche

Bibliographic Details
Main Author: Haluzický, Miroslav, 1917- (Author)
Format: Article
Language:Slovak

MARC

LEADER 00000nab a2200000 a 4500
001 vtls010729187
003 SK-MaSNL
005 20260304191802.0
008 250709s1947 xo |||||||||||||||||slo|
035 |a (urnnbn)urn:nbn:sk:snk:ar-a054ss 
035 |a (uuid)f2042988-4517-4fc7-a53e-6e2c71186fef 
035 |a urn:nbn:sk:snk-ab3s8z 
040 |a SNKBUCL  |b slo  |c SNKBUCL  |e AACR2 
041 0 |a slo 
044 |a xo  |c SK 
100 1 |a Haluzický, Miroslav,  |d 1917-  |4 aut  |9 159721 
245 1 0 |a Physiologie pathologique et Chirurgie des Arteres. Principes et méthodes. R. Leriche  |c M. Haluzický 
773 0 |t Slovenský lekár  |g Roč. 9, č. 6-7 (1947), s. 240-244 
850 |a Slovenská národná knižnica 
852 |a Slovenská národná knižnica 
954 |a odborná, vedecká literatúra pôvodná (slovenská)  |2 lita 
958 |a article1 
958 |a OND 
958 |a EUIPO 
999 |c 3056521  |d 3058451